000 00958nam a2200289 i 4500
001 000027034
003 DO-SdBNP
005 20260520100554.0
007 ta
008 110329t1982 dr 000 0bspa d
040 _aDO-SdBNP
_bspa
_cBNPHU
_erda
041 _aspa
082 4 _a923.27293
_bD812Pa
_222
100 1 _aPatín Veloz, Enrique,
_eautor
_4aut.
_93425
245 1 0 _aTemas duartianos /
_cEnrique Patín Veloz.
264 1 _aSanto Domingo :
_bEditora Milvio & Ass.,
_c1982.
300 _a174 páginas ;
_c21 cm.
336 _atexto
_btxt
_2rdacontent
337 _asin mediación
_bn
_2rdamedia
338 _avolumen
_bnc
_2rdacarrier
590 _aInventariado, 2020/VM
600 1 0 _aDuarte, Juan Pablo,
_d1813-1876
_91494
651 4 _aRepública Dominicana
_xHistoria
_y1844-1930
_91009
651 4 _aRepública Dominicana
_xHistoria
_yOcupación Haitiana, 1822-1844
_97666
910 _aValidado. Control de calidad EMS
942 _2ddc
_cLBS1
999 _c26526
_d26526